| 000 | 00670nam a2200205Ia 4500 | ||
|---|---|---|---|
| 005 | 20260121110343.0 | ||
| 008 | 008 260114s9999 xx 000 0 hin d | ||
| 020 | _a9788132361312 | ||
| 037 | _aEBOOK | ||
| 040 |
_aCRL _bhin _cCRL |
||
| 041 |
_ahin _2hin |
||
| 084 | _qCRL | ||
| 100 |
_aरवीश खट्टर / Ompal Singh _9945149 |
||
| 245 | 0 | _aखेल संचालन एवं प्रशिक्षण / Khel sanchaalan aur prashikshan | |
| 260 |
_bभाषा प्रकाशन / Bhasha Prakashan _c2021 |
||
| 856 | _uhttps://bhashaprakashan.com/product-details/379082 | ||
| 942 | _cEBOOK | ||
| 999 |
_c1536813 _d1536813 |
||